Представление документа в формате RUSMARC

ПолеНазваниеЗначение
  Тип записи a
  Библиографический уровень m
001 Контрольный номер UONB/MAIN/a54ca4a0e4c648eebc5d83ca2f89d4d1
005 Дата корректировки 20251105132736.6
010 Индекс ISBN __
d Цена 8 р. 30 к.
9 Тираж 100000 экз.
b Уточнения в пер.
100 Данные общей обработки __
a Данные общей обработки 20251105d1955 u y0rusy0199 ca
101 Язык документа 0_
a Язык текста rus
102 Страна публикации __
a Страна публикации RU
105 Кодированные данные (монография) __
a Кодированные данные (монография) a z 000ay
200 Заглавие и сведения об ответственности 1_
a Заглавие Сочинения
e Сведения, относящиеся к заглавию повести и рассказы
e Сведения, относящиеся к заглавию для среднего и старшего школьного возраста
f Первые сведения об ответственности А. П. Чехов
g Последующие сведения об ответственности иллюстрации: С. Подервянский
203 Вид содержания и тип средства __
a Вид содержания Текст
b Характеристика содержания визуальный
c Тип средства непосредственный
210 Выходные данные 1_
a Место издания Киев
c Издательство Молодь
d Дата издания 1955
215 Физическое описание __
a Объем 447 с.
c Иллюстрации/тип воспроизводства ил.
d Формат 21 см
225 Серия 1_
a Серия Школьная библиотека
606 Тематические рубрики 0_
a Основная рубрика Проза (д. л.)
610 Ключевые слова 0_
a Ключевые слова проза русская; классики русской литературы 19 в.
686 Индексы других классификаций __
a Классификационный индекс 84Р1
2 Код системы rubbk
700 Автор _1
a Фамилия Чехов
b Имя (инициалы) А. П.
g Полное личное имя Антон Павлович
c Титул (звания) писатель
f Даты 1860-1904
702 Вторичная интеллектуальная ответственность _1
a Фамилия Подервянский
b Имя (инициалы) С.
4 Код отношения 440
801 Источник записи _0
a Страна RU
b Организация Ульяновская ОНБ
c Дата составления 20251105
g Правила каталогизации RCR
801 Источник записи _1
a Страна RU
b Организация Ульяновская ОНБ
c Дата составления 20251105
g Правила каталогизации RCR
901 Тип документа __
t Тип документа m
909 Создатель записи __
a Создатель записи Горбункова
b Дата создания записи 20251105